LEADER 01088nam0 2200289 450 001 000030045 005 20140519161118.0 010 $a88-299-1720-6 100 $a20140519d2006----km-y0itay50------ba 101 0 $aita 102 $aIT 105 $ay-------001yy 200 1 $aTrattato italiano di medicina di laboratorio$fdiretto dal prof. Angelo Burlina$g[poi] fondato da Angelo Burlina 205 $a2. ed. riv. ed aggiornata$fa cura di Luigi Spandrio 210 $aPadova$cPiccin$d2006 215 $a2 v.$cill.$d28 cm. 327 1 $a2.1: Biochimica clinica speciale. - 1 v. (paginazione varia) : ill.$a2.2: Biochimica clinica speciale. - 1 v. (paginazione varia) : ill. 610 1 $aDiagnostica$aAnalisi mediche 676 $a616.0756$v23$9Diagnosi chimica 702 1$aSpandrio,$bLuigi 702 1$aBurlina,$bAngelo 801 0$aIT$bUNIPARTHENOPE$c20140519$gRICA$2UNIMARC 912 $a000030045 951 $a616-B/1 [I]$b45094$cNAVA1$d2014 951 $a616-B/1 [II]$b45095$cNAVA1$d2014 996 $aTrattato italiano di medicina di laboratorio$990767 997 $aUNIPARTHENOPE